000 00427nam a2200181Ia 4500
005 20250423100737.0
008 250422s9999 xx 000 0 und d
020 _a978-030567-X
050 _aPR 9387.9 .O37 Q4/
100 _aOgunyáşımi, Wale, 1939-
245 0 _aQueen Amina of Zazzau
260 _aIbadan
260 _bUniversity Press Ltd
260 _c2007
300 _a89 p
650 _aLiterature
942 _cBK
999 _c34217
_d34217